01026 2200193 4500001002100000005001500021035002000036008004100056245004000097100001500137250000600152260003100158300001200189084001400201082000800215650001000223520058700233990001200820INLIS00000000000073020240611120134 a0010-0424000706240611 1 ind 1 aNegeri Di Ujung Tanduk /cTere Liye aLiye, Tere a1 aJakarta :bGramedia,c2013 a360 hlm a813 TER n a813 4aFiksi aDi Negeri di Ujung Tanduk kehidupan semakin rusak, bukan karena orang jahat semakin banyak, tapi semakin banyak orang yang memilih tidak peduli lagi. Di Negeri di Ujung Tanduk, para penipu menjadi pemimpin, para pengkhianat menjadi pujaan, bukan karena tidak ada lagi yang memiliki teladan, tapi mereka memutuskan menutup mata dan memilih hidup bahagia sendirian. Tapi di Negeri di Ujung Tanduk setidaknya, kawan, seorang petarung sejati akan memilih jalan suci, meski habis seluruh darah di badan, menguap segenap air mata, dia akan berdiri paling akhir, demi membela kehormatan. a0740034